000 00716cam a22002411 4500
001 agr38000101
003 DLC
005 20260227110956.0
008 811121s1937 xx a 000 0 ger
010 _aagr38000101
035 _a(OCoLC)14729883
040 _aDLC
_cDNLM
_dDLC
042 _apremarc
050 0 0 _aQH431
_b.H25 bd. 2 H
060 0 _aQH 431
_bH236 Bd.2, H
100 1 _aCorrens, Carl,
_d1864-1933.
245 1 0 _aNicht mendelnde vererbung,
_cvon C. Correns ...
260 _aBerlin,
_bGebrüder Borntraeger,
_c1937.
300 _a2 p. l., 159 p.
_bill.
440 0 _aHandbuch der vererbungswissenschaft,
_vBd. 2, H
500 _aIssued as lfg. 22.
504 _a"Literaturverzeichnis": p. [133]-159.
999 _c9840
_d9840